Statistics for Fifa 20 Top 25 Portugal Players

Click here to take the quiz!

General Stats

  • This quiz has been taken 48 times
  • The average score is 16 of 25

Answer Stats

RatingTeamPlayer% Correct
93Piemonte CalcioCristiano Ronaldo
100%
87Manchester CityBernardo Silva
97%
85Manchester UnitedBruno Fernandes
89%
84WolvesJoao Moutinho
86%
80Atletico MadridJoao Felix
83%
83WolvesRui Patricio
83%
81Borussia DortmundRaphael Guerreiro
77%
82Leicester CityRicardo Pereira
74%
83FC PortoDanilo Pereira
71%
84Manchester CityJoao Cancelo
69%
80Orlando CityNani
69%
84FC PortoPepe
69%
82WolvesRuben Neves
66%
83Real BetisWilliam Carvalho
63%
85Olympique LyonAnthony Lopes
60%
82FC BarcelonaNelson Semedo
54%
80Sevilla FCRony Lopes
54%
83Valencia CFGoncalo Guedes
49%
81KasimpasaRicardo Quaresma
49%
81LOSC LilleJose Fonte
46%
84SL BenficaPizzi
46%
81Lokomotiv MoscowJoao Mario
43%
82SL BenficaRafa
40%
82AS MonacoGelson Martins
26%
81SL BenficaAndre Almeida
20%

Score Distribution

Percentile by Number Answered

Percent of People with Each Score

Your Score History

You have not taken this quiz